Leevi and the Leavings kappale visa - Statistics

Yleistilastot
  • Tätä visaa on pelattu 35 kertaa
    19 viimeisimmän päivityksen jälkeen
  • Keskiarvotulos 5 / 12
Vastaustilastot
Hint Vastaus % Oikein
Minkä Teuvon auton kilvet vei poliisi? Anglia
76%
Kuka oli juopporentuksi solvatun ihastus? Kyllikki
76%
Entäs minkä auton hän lainasiviikonlopuksi? Sierra
71%
Minne sateenkaari päättyi? Nakkikioskille
65%
Mikä vie perille raparperitaivaaseen? Ilmalaiva
59%
Kun lapsen nimeksi ei sopinut pikku myy,minkä vanhemmat valitsi tyttärelleen? Laura Jenna Ellinoora Alexandra Camilla Jurvanen
41%
Minkälaiset kaikkien kavereiden jameksetolivat? Ylhäältä leveät ja alhaalta pillit
41%
Kuka oli poikamiehen oma Miss Turkmenia? Ljeni
29%
Miten köyhä kansa toteutti toiveitansa? Rikkailta lainaamalla
29%
Mistä portsarin pohkeeseen kitarasta kimmonut luoti tuli? Ohiajavasta autosta
24%
Toiset tekee tihutöitä toisilleen,mitä toiset tekee? Toiset tuhoavat viidakon (sen mitä jäljellä on)
18%
Mikä ei ole varsinainen taidonnäyte,mutta kestää hyvin kylmyyttä? Villatäyte mineriittiseinän välissä
6%
Ehtoja vastaavia visoja ei löytynyt
Tulosjakauma
Jokaisen tuloksen saaneiden osuus
Persentiili vastausten määrän mukaan
Tuloshistoriasi
Et ole pelannut tätä visaa sen viimeisimmän päivityksen jälkeen